Statistics for Largest Cities by Longitude on the World Map

Click here to take the quiz!

General Stats

  • This quiz has been taken 1,426 times
  • The average score is 104 of 175

Answers on the Map

Answers color-coded by a green-red scale on the quiz's map according to % correct below.
 

Answer Stats

CountryLatLonPopLonCity% Correct
United Kingdom51.49999473-0.11672184414400000London
96%
Spain40.40002626-3.6833516866250000-4ºMadrid
95%
Russia55.7521641237.615522831690000038ºMoscow
95%
United States40.74997906-73.9800169322000000-74ºNew York
95%
France48.866692932.33333532611200000Paris
95%
Portugal38.72272288-9.1448663052600000-10ºLisbon
94%
United States33.98997825-118.179980517600000-118ºLos Angeles
94%
Italy41.8959556312.48325842360000012ºRome
94%
United States63.33667-142.985561258-142ºTok
94%
Sierra Leone7.96472-11.73833174354-12ºBo
93%
Egypt30.0499603531.249968221680000032ºCairo
93%
United States41.82999066-87.750054979800000-88ºChicago
93%
Turkey41.1049961529.010001591430000030ºIstanbul
93%
Mexico19.44244244-99.130988222100000-100ºMexico City
93%
Australia-33.92001097151.18517984900000152ºSydney
93%
Japan35.68501691139.751407439500000140ºTokyo
93%
Greece37.9833262323.73332108342500024ºAthens
92%
China39.92889223116.388285721100000116ºBeijing
92%
South Africa-33.9200109718.43498816412500018ºCape Town
92%
Peru-12.04801268-77.050062099950000-78ºLima
92%
Brazil-22.92502317-43.2250207912700000-44ºRio de Janeiro
92%
Canada49.27341658-123.12164422500000-124ºVancouver
92%
United States42.32996014-71.070013677350000-72ºBoston
91%
Argentina-34.60250161-58.3975313715800000-58ºBuenos Aires
91%
India28.669992977.230004032640000078ºDelhi
91%
South Africa-26.1700447428.030009721340000028ºJohannesburg
91%
Australia-37.82003131144.97501624400000144ºMelbourne
91%
Italy45.46997529.20500891515000010ºMilan
91%
United States37.74000775-122.45997777600000-122ºSan Francisco
91%
Chile-33.45001382-70.667040857050000-70ºSantiago
91%
Iran35.6719427751.424344031370000052ºTehran
91%
Iraq33.338648544.39386877685000044ºBaghdad
90%
United States32.82002382-96.840016936550000-96ºDallas
90%
Indonesia-6.174417705106.829437628100000106ºJakarta
90%
Philippines14.60415895120.982217223300000120ºManila
90%
India19.0169903872.85698932320000072ºMumbai
90%
Brazil-23.55867959-46.6250199821800000-46ºSão Paulo
90%
South Korea37.5663491126.99973124400000126ºSeoul
90%
China31.21645245121.436504730900000122ºShanghai
90%
Romania44.433371826.09994665220000026ºBucharest
89%
Hungary47.5000063319.08332068257500020ºBudapest
89%
United Arab Emirates25.2299961555.27997432392500056ºDubai
89%
Nigeria6.4432616533.39153107117100000Lagos
89%
Iceland64.13548-21.89541118918-22ºReykjavik
89%
Canada43.69997988-79.420020797100000-80ºToronto
89%
New Zealand-36.850013174.76498081470000174ºAuckland
88%
Venezuela10.50099855-66.917037193700000-66ºCaracas
88%
Japan34.75003522135.460144817800000136ºOsaka
88%
Thailand13.74999921100.516644716900000100ºBangkok
87%
United States42.32996014-83.080055795700000-84ºDetroit
87%
Kenya-1.28334674236.81665686520000036ºNairobi
87%
United States33.53997988-112.06999174325000-112ºPhoenix
87%
Saudi Arabia24.6408331546.77274166670000046ºRiyadh
87%
United Kingdom52.47497398-1.9199967873125000-2ºBirmingham
86%
Brazil-15.78334023-47.916052293825000-48ºBrasília
86%
Bangladesh23.7230597190.408579471760000090ºDhaka
86%
Democratic Republic of the Congo-4.32972410215.314971881060000016ºKinshasa
86%
Bolivia-16.49797361-68.149985191890000-68ºLa Paz
86%
United States36.20999778-115.22000612075000-116ºLas Vegas
86%
Israel32.0799914734.77001176250000034ºTel Aviv-Jaffa
86%
United States61.21806-149.90028291826-150ºAnchorage
85%
Morocco33.59997622-7.6163674334175000-8ºCasablanca
85%
China23.1449813113.325010147700000114ºGuangzhou
85%
United States21.30687644-157.85799791000000-158ºHonolulu
85%
Kuwait29.3697176347.97830115415000048ºKuwait City
85%
Uruguay-34.85804157-56.171052291830000-56ºMontevideo
85%
United States39.99997316-75.169995977300000-76ºPhiladelphia
85%
United Arab Emirates24.4666835754.36659338124000054ºAbu Dhabi
84%
Afghanistan34.5166902969.18326005372500070ºKabul
84%
Malaysia3.166665872101.69998337000000102ºKuala Lumpur
84%
Morocco34.02529909-6.836130821920000-6ºRabat
84%
Australia-27.45503091153.03509272900000154ºBrisbane
83%
Senegal14.71583173-17.473130133300000-18ºDakar
83%
Tanzania-6.80001259539.26834184530000040ºDar es Salaam
83%
Pakistan24.8699922966.990008912430000066ºKarachi
83%
United States27.94698793-82.458620854025000-82ºTampa
83%
Azerbaijan40.3952720349.86221716245000050ºBaku
82%
India22.494969388.324675661600000088ºKolkata
80%
Angola-8.83828611413.23442704680000014ºLuanda
80%
United States44.97997927-93.251786343050000-94ºMinneapolis
80%
Oman23.6133248158.59331213118000058ºMuscat
79%
Canada51.08299176-114.07999821420000-114ºCalgary
78%
Guatemala14.62113466-90.526965583000000-90ºGuatemala City
78%
Germany50.930003686.9500044344850000Cologne
76%
Mexico20.67001609-103.33003424975000-104ºGuadalajara
76%
Nepal27.7166919185.31664221277500086ºKathmandu
76%
Australia-35.28346149.12807367752150ºCanberra
74%
New Zealand-43.53333172.63333363926172ºChristchurch
74%
Pakistan31.5599715474.350024781020000074ºLahore
74%
Papua New Guinea-9.44314147.17972283733148ºPort Moresby
74%
India13.0899878180.279998741000000080ºChennai
73%
Kosovo42.6727221.1668855000022ºPristina
73%
United States39.74998842-86.170048061910000-86ºIndianapolis
71%
Brazil-3.100031719-60.000017542075000-60ºManaus
71%
Japan43.07497927141.34004432500000142ºSapporo
70%
Germany51.537.045600000The Ruhr
70%
China34.27502545108.89499636650000108ºXi'an
70%
South Korea35.09505292129.01004764275000130ºBusan
69%
United States58.30194-134.4197231275-134ºJuneau
69%
Myanmar16.783354196.16667761515000096ºYangon
66%
Brazil-8.075645326-34.915605513775000-34ºRecife
65%
Pakistan25.37998768.37498897242500068ºHyderabad
63%
Guinea9.531522846-13.680235032225000-14ºConakry
60%
Fiji-18.14161178.4414977366178ºSuva
60%
China39.13002626117.200019111400000118ºTianjin
60%
United States64.83778-147.7163931535-148ºFairbanks
59%
Mauritania18.08642702-15.975340411060000-16ºNouakchott
59%
Cape Verde14.93152-23.51254113364-24ºPraia
59%
Brazil-12.9699719-38.479987433650000-38ºSalvador
58%
China30.67000002104.07001959600000104ºChengdu
57%
Bangladesh22.3299922991.79996741452500092ºChittagong
55%
Samoa-13.83333-171.7666640407-172ºApia
53%
Japan34.3878351132.4429131870000132ºHiroshima
53%
Brazil-30.05001463-51.200012054075000-52ºPorto Alegre
53%
Indonesia-7.249235821112.75083334700000112ºSurabaya
48%
Solomon Islands-9.43333159.9556298160ºHoniara
47%
United States36.74773-119.77237494665-120ºFresno
46%
Bolivia-17.75391762-63.225996341860000-64ºSanta Cruz
42%
India26.9211332475.80998734352500076ºJaipur
40%
Tonga-21.13938-175.201822400-176ºNuku'alofa
40%
Mexico19.04995994-98.200037272975000-98ºPuebla
38%
Brazil-25.420013-49.31999763275000-50ºCuritiba
37%
United States19.72972-155.0943263-156ºHilo
34%
New Zealand-45.87416170.50361114347170ºDunedin
33%
Iran36.2700199659.5699967307500060ºMashhad
33%
Indonesia3.57997397898.65004024342500098ºMedan
33%
Mexico31.69037701-106.49004811440000-106ºCiudad Juárez
32%
South Korea35.86678876128.60697142750000128ºDaegu
32%
Brazil-5.780023174-35.240004311370000-36ºNatal
30%
China41.80497927123.44997357650000124ºShenyang
30%
Canada60.71611-135.0537523272-136ºWhitehorse
28%
Russia55.1549912761.43866817140000062ºChelyabinsk
27%
France-22.27631166.457293060166ºNoumea
24%
Australia-19.26639146.8057196219146ºTownsville
24%
Mexico21.1499868-101.70003041800000-102ºLeón
22%
New Zealand-37.78333175.28333152641176ºHamilton
19%
Russia53.04444158.65076187282158ºPetropavlovsk-Kamchatsky
19%
New Zealand-46.4168.3547287168ºInvercargill
17%
Brazil-20.32399331-40.365996341790000-40ºVitória
16%
Mexico29.1026-110.97732595811-110ºHermosillo
15%
India17.7300146783.30498205198000084ºVishakhapatnam
15%
Brazil-20.44278-54.64639729151-54ºCampo Grande
14%
Japan34.67202964133.91708652200000134ºOkayama
14%
Portugal37.73333-25.6666720056-26ºPonta Delgada
14%
Brazil-5.095000388-42.78000921010000-42ºTeresina
12%
Uzbekistan39.7747264.4286124764464ºBukhara
11%
India21.216666781.4333333255000082ºBhilai
10%
Japan34.71807334137.73271931310000138ºHamamatsu
10%
Canada54.31507-130.3209814708-130ºPrince Rupert
10%
Mexico24.80737-107.39734582469-108ºCuliacan
9%
United States55.34222-131.646118050-132ºKetchikan
9%
United States-14.27806-170.702511500-170ºPago Pago
9%
Mexico17.98689-92.93028362401-92ºVillahermosa
7%
United States60.79222-161.755836080-162ºBethel
6%
Venezuela8.35122-62.64102746535-62ºCiudad Guayana
6%
New Zealand-21.20778-159.77513373-160ºAvarua
5%
Canada50.01634-125.2445933430-126ºCampbell River
5%
United States53.8898-166.54224376-166ºDutch Harbor
5%
United States61.13083-146.348333976-146ºValdez
5%
Yemen14.7978142.9545261787142ºAl Hudaydah
4%
Portugal38.65-27.2166712045-28ºAngra do Heroismo
4%
Myanmar16.7791994.7321223708994ºPathein
4%
China32.6475110.778063460000110ºShiyan
4%
Canada54.51634-128.6034519443-128ºTerrace
4%
Papua New Guinea-6.21319155.5367440266156ºArawa
3%
Brazil-3.84028-32.410833012-32ºFernando de Noronha
3%
Canada60.75216-137.510821148-138ºHaines Junction
3%
France-9.8-139.033331762-140ºAtuona
2%
United States19.59333-154.9730611404-154ºHawaiian Paradise Park
2%
United States60.41833-151.297850-152ºKalifornsky
2%
Fiji-16.41667179.3833327949180ºLambasa
2%
Tonga-18.65-173.983334320-174ºNeiafu
2%
Federated States of Micronesia5.32479163.007819686164ºTofol
2%
Russia56.22778162.477784939162ºUst'-Kamchatsk Staryy
2%
France-14.29034-178.16551480-178ºSigave
1%

Score Distribution

Percentile by Number Answered

Percent of People with Each Score

Your Score History

You have not taken this quiz